The Building systems integration handbook /

Bibliographic Details
Corporate Author: American Institute of Architects
Other Authors: Rush, Richard D. (Richard David), 1944-
Format: Book
Language:English
Published: New York : Wiley, [1986]
Subjects:

MARC

Tag First Indicator Second Indicator Subfields
LEADER 00000pam a2200000 a 4500
001 in00000408113
005 20151012051806.0
008 850923s1986 nyua b 00100 eng
010 |a  85022550  
020 |a 047186238X 
035 |a (OCoLC)12665587 
035 |9 ABT7586AM 
039 0 |a 2  |b 3  |c 3  |d 3  |e 3 
040 |a DLC  |c DLC  |d TXA  |d UtOrBLW 
049 |a TXAM  |c [A09326840] 
050 0 0 |a TH145  |b .B844 1986 
082 0 |a 720  |2 19 
245 0 4 |a The Building systems integration handbook /  |c Richard D. Rush. 
264 1 |a New York :  |b Wiley,  |c [1986] 
264 4 |c ©1986 
300 |a xiv, 445 pages :  |b illustrations ;  |c 29 cm. 
336 |a text  |b txt  |2 rdacontent 
337 |a unmediated  |b n  |2 rdamedia 
338 |a volume  |b nc  |2 rdacarrier 
500 |a "The American Institute of Architects." 
504 |a Includes bibliographies and index. 
650 0 |a Building. 
650 0 |a Architecture. 
700 1 |a Rush, Richard D.  |q (Richard David),  |d 1944- 
710 2 |a American Institute of Architects. 
999 |a MARS 
999 f f |s ad9b60eb-0bf2-3826-a1d9-cd8f3ce65865  |i 1da5e2b3-93e6-3fbc-985a-d1f9339b2fba  |t 0 
952 f f |p ric  |a Texas A&M University  |b Rellis Campus  |c Joint Library Facility  |d Remote Storage  |t 0  |e TH145 .B844 1986  |h Library of Congress classification  |i unmediated -- volume  |m A14809326840 
998 f f |a TH145 .B844 1986  |t 0  |l Remote Storage